000 00708 a2200217 4500
001 62105
005 20260407155914.0
008 260407a1980 arg spa d
003 AR-UNSa-BCEJYS
040 _aAR-UNSa-BCEJYS
_bspa
_cAR-UNSa-BCEJYS
080 _a349.2(094.5)
_x(Legislación del trabajo (Legislación laboral, contrato de trabajo,procedimiento laboral,riesgo laboral etc.))
245 1 0 _aLeyes usuales del trabajo
250 _a6a. ed.
264 1 _aBuenos Aires :
_bEdiciones Macchi
_c1980
300 _a2 v. (610 ; 551 p.)
_c22 cm.
041 _aspa
942 _cBK
590 _aniveau_biblio:m niveau_hierar:0
100 1 _aColotti, Emilia Matilde
700 1 _aCandal, Herminio Alberto
999 _c7558
_d7558